S rozumom, nie s bicyklom!
Uložené v:
| Hlavný autor: | |
|---|---|
| Ďalší autori: | , |
| Médium: | Kniha |
| Jazyk: | Slovak |
| Vydavateľské údaje: |
Bratislava
Strana demokratického stredu
2001
|
| Predmet: | |
| Tagy: |
Žiadne tagy, Buďte prvý, kto otaguje tento záznam!
|
MARC
| LEADER | 00000nam a2200000 4500 | ||
|---|---|---|---|
| 001 | 0122962 | ||
| 005 | 20240314091340.7 | ||
| 020 | |a 80-968582-0-3 | ||
| 041 | 0 | |a slo | |
| 044 | |a SK | ||
| 245 | 1 | 0 | |a S rozumom, nie s bicyklom! |c Peter Staněk, Ivan Mjartan, Milan Čič |
| 264 | 1 | |a Bratislava |b Strana demokratického stredu |c 2001 | |
| 300 | |a 186 s. | ||
| 610 | 2 | 0 | |a politika hospodárska |
| 610 | 2 | 0 | |a prognózy hospodárske |
| 610 | 2 | 0 | |a financie verejné |
| 610 | 2 | 0 | |a podnikanie |
| 610 | 2 | 0 | |a konkurencieschopnosť |
| 610 | 2 | 0 | |a globalizácia hospodárstva |
| 100 | 1 | |a Staněk, Peter | |
| 700 | 1 | |a Mjartan, I. | |
| 700 | 1 | |a Čič, Milan | |